Open Data Biblioteca Nacional de Portugal


República Portuguesa: Ministério da Cultura
Biblioteca Nacional de Portugal

Catálogo da BNP: acesso por Identificadores Unívocos
Registos Bibliográficos associados ao registo de autoridade

Etiqueta de registo: 00254nam 2200025 450
001 2284023
003 http://id.bnportugal.gov.pt/bib/catbnp/2284023
100 ## $a20260410d2025 k y0pory01030103ba
101 0# $apor$deng
102 ## $aPT
105 ## $aa m 000yy
106 ## $ar
200 1# $aFronteiras em transformação$eintegração entre os métodos radiológicos e a paleopatologia na análise das alterações proliferativas decorrentes da atividade do periósteo, em séries osteológicas portuguesas$fRosa Cristina Marques da Costa Ramos Gaspar$gorient. Ana Luísa da Conceição Santos, Vítor Miguel Jacinto de Matos, António Fernando Caldeira Lagem Abrantes
210 #9 $aCoimbra$c[s.n.],$d2025
215 ## $aXXXIX, 306, [11 p.$cil.$d30 cm
328 #1 $aTese dout. Antropologia, (Antropologia Biológica), Faculdade de Ciências e Tecnonologia da Universidade de Coimbra, 2025
700 #1 $aGaspar,$bRosa Cristina Marques da Costa Ramos$31995268
702 #1 $aSantos,$bAna Luísa$4727$3491291
702 #1 $aAbrantes,$bAntónio Fernando Caldeira Lagem$4727$31393182
702 #1 $aMatos,$bVitor Miguel Jacinto de,$f1976- $4727$31195640
801 #0 $aPT$bBN$gRPC
966 ## $lBN$mFGMON$x1
971 ## $cisantos$d20260410

OpendataBNP@bnportugal.pt | Mais informação sobre acesso aos dados BNP